000
00304nam a22001337a 4500
008
170802b xxu||||| |||| 00| 0 eng d
020
_a
9781423901471
041
_a
eng
080
_2
6TH
_a
004
100
_a
32
101
_a
SHK
245
_a
CONCEPTS OF DATABASE MANAGMENT
_c
PRATT,P.J
942
_2
udc
_c
BK
999
_c
22518
_d
22518